Hình học họa hình
Sách gồm Chương 3 phần trình bày Hình chiếu phối cảnh, Hình chiếu có số, Bóng trên các hình chiếu.
সংরক্ষণ করুন:
| প্রধান লেখক: | |
|---|---|
| বিন্যাস: | গ্রন্থ |
| ভাষা: | Undetermined |
| প্রকাশিত: |
Hà Nội
Giáo dục Việt Nam
2010
|
| বিষয়গুলি: | |
| ট্যাগগুলো: |
ট্যাগ যুক্ত করুন
কোনো ট্যাগ নেই, প্রথমজন হিসাবে ট্যাগ করুন!
|
| Thư viện lưu trữ: | Trung tâm Học liệu Trường Đại học Cần Thơ |
|---|
| LEADER | 00780nam a2200205Ia 4500 | ||
|---|---|---|---|
| 001 | CTU_176939 | ||
| 008 | 210402s9999 xx 000 0 und d | ||
| 020 | |c 38500 | ||
| 082 | |a 516.6 | ||
| 082 | |b C550/T.1 | ||
| 100 | |a Nguyễn, Mạnh Dũng | ||
| 245 | 0 | |a Hình học họa hình | |
| 245 | 0 | |c Nguyễn Mạnh Dũng chủ biên ; Nguyễn Văn Điểm | |
| 260 | |a Hà Nội | ||
| 260 | |b Giáo dục Việt Nam | ||
| 260 | |c 2010 | ||
| 520 | |a Sách gồm Chương 3 phần trình bày Hình chiếu phối cảnh, Hình chiếu có số, Bóng trên các hình chiếu. | ||
| 650 | |a Geometry, descriptive,Hình học, họa hình | ||
| 904 | |i Trọng Hiếu | ||
| 980 | |a Trung tâm Học liệu Trường Đại học Cần Thơ | ||